000 00268nam a22001337a 4500
020 _a9781849730327
041 _aENG
100 _aHalford .N.G
245 _aEnergy Crops
260 _aUk
_bRSC Pub
_c2011
300 _a425
650 _aEOES
856 _uEOES ( 11 )
999 _c1124
_d1124